书目信息 |
| 题名: |
气候创造历史
|
|
| 作者: | 许靖华 著 ;甘锡安 译 | |
| 分册: | ||
| 出版信息: | 北京 生活·读书·新知三联书店 2014 |
|
| 页数: | 284页 | |
| 开本: | 23cm | |
| 丛书名: | 新知文库 | |
| 单 册: | ||
| 中图分类: | K109 | |
| 科图分类: | ||
| 主题词: | 气候变化--qi hou bian hua--影响--世界史--研究 | |
| 电子资源: | ||
| ISBN: | 978-7-108-04787-8 | |
| 000 | 01487cam 2200289 450 | |
| 001 | 0100003943 | |
| 005 | 20151111082628.74 | |
| 010 | @a978-7-108-04787-8@dCNY36.00 | |
| 100 | @a20140622d2014 em y0chiy50 ea | |
| 101 | 1 | @achi@ceng |
| 102 | @aCN@b110000 | |
| 105 | @ay a 000yy | |
| 200 | 1 | @a气候创造历史@Aqi hou chuang zao li shi@f(瑞士) 许靖华著@g甘锡安译 |
| 210 | @a北京@c生活·读书·新知三联书店@d2014 | |
| 215 | @a284页@d23cm | |
| 225 | 2 | @a新知文库@Axin zhi wen ku@v46 |
| 312 | @a英文并列题名取自封面 | |
| 320 | @a有书目 | |
| 330 | @a"雅利安人的故乡在哪里?北方蛮族的疯狂入侵是为什么?气候变化的周期有多久?玛雅人由数百个城市大出走的原因是什么?尼安德特人是消亡了还是被融合了?阿勒曼尼亚又为什么被称为“十分之一之地”?这是一部人类的大历史,作者从气候变迁的角度系统解读了整个人类的文明进程。全书格局宏大,鞭辟入里,内容则涵盖地质、气候、生物、考古、语言、政治、军事、人类学与历史学等领域。作者深入浅出,在信息量巨大的前提下保证了可读性,穿插了很多精彩的小故事,其间还就许多历史悬案给出了大量推理和研判,提出了自己的独到观点。作者最后感慨:“小冰川期为需求而战,气候最适期为贪婪而战,气候创造了历史,但人类的痛苦永远挥之不去。”" | |
| 410 | 0 | @12001 @a新知文库@v46 |
| 500 | 10 | @aClimate made history@mChinese |
| 606 | 0 | @a气候变化@Aqi hou bian hua@x影响@x世界史@x研究 |
| 690 | @aK109@v5 | |
| 701 | 0 | @a许靖华@Axu jing hua@g(Hsü, Kenneth J.),@f1929-@4著 |
| 702 | 0 | @a甘锡安@Agan xi an@4译 |
| 801 | 0 | @aCN@c20150602 |
| 905 | @a河南城建学院图书馆@dK109@eX872 | |
| 气候创造历史/(瑞士) 许靖华著/甘锡安译.-北京:生活·读书·新知三联书店,2014 |
| 284页;23cm.-(新知文库;46) |
| ISBN 978-7-108-04787-8:CNY36.00 |
| "雅利安人的故乡在哪里?北方蛮族的疯狂入侵是为什么?气候变化的周期有多久?玛雅人由数百个城市大出走的原因是什么?尼安德特人是消亡了还是被融合了?阿勒曼尼亚又为什么被称为“十分之一之地”?这是一部人类的大历史,作者从气候变迁的角度系统解读了整个人类的文明进程。全书格局宏大,鞭辟入里,内容则涵盖地质、气候、生物、考古、语言、政治、军事、人类学与历史学等领域。作者深入浅出,在信息量巨大的前提下保证了可读性,穿插了很多精彩的小故事,其间还就许多历史悬案给出了大量推理和研判,提出了自己的独到观点。作者最后感慨:“小冰川期为需求而战,气候最适期为贪婪而战,气候创造了历史,但人类的痛苦永远挥之不去。”" |
| ● |
| 相关链接 |
|
|
|
正题名:气候创造历史
索取号:K109/X872
 
预约/预借
| 序号 | 登录号 | 条形码 | 馆藏地/架位号 | 状态 | 备注 |
| 1 | 1234954 | 212349546 | 社科库309/309社科库 104排4列1层/ [索取号:K109/X872] | 在馆 | |
| 2 | 1234955 | 212349555 | 社科库309/309社科库 104排4列1层/ [索取号:K109/X872] | 在馆 | |
| 3 | 1234956 | 212349564 | 社科库309/309社科库 104排4列1层/ [索取号:K109/X872] | 在馆 | |
| 4 | 497714 | 204977141 | 社科库309/309社科库 104排4列1层/ [索取号:K109/X872] | 在馆 |